000 00600nam a22002057a 4500
003 koha_MIRAKIL
005 20231213100043.0
008 231213b |||||||| |||| 00| 0 ||| d
020 _b978-9-94430094-0
040 _aTR-IsEVY
_btur
_cTR-IsEVY
082 _a366.09 KUZ/D
100 _aKuzu, Ali.
245 0 _aDünyanın derin devleti İlluminati yeni dünya düzeni, Tanrı İmparatorluğu
250 _a13. bs.
260 _bKariyer Yayıncılık,
_c2015
300 _a486 s.
650 _aConspiacies.
650 _aGizli topluluklar -- Amerika Birleşik Devletleri.
942 _2ddc
_cBK
999 _c13768
_d13768